Pokémon-Toutes les Teams - Statistiques

Statistiques générales
  • Ce quiz a été pris 95 fois
    27 depuis la dernière actualisation
  • Le résultat moyen est 10 sur 19
Statistiques - réponses
Région (ou jeu) Team % Correct
Hoenn Team Magma
100%
Kanto+Johto Team Rocket
100%
Hoenn Team Aqua
96%
Sinnoh Team Galaxie
93%
Unys Team Plasma
89%
Kalos Team Flare
85%
Alola Team Skull
85%
Galar Team Yell
63%
Paldea Team Star
59%
Unys (N2B2) Neo Team Plasma
52%
Alola (USUL) Team Rainbow Rocket
48%
Pokémon Go Team Go Rocket
30%
Fiore Groupe Go-Rock
15%
Rhode Team Snatch
11%
Pokémon Link! Bataillon Phobos
7%
Almia Equipe Sombre Héros
7%
Oblivia Poké Nappers
7%
Passio Team Break
7%
TCG Island Team Great Rocket
7%
Aucun quiz correspondant
Distribution des résultats
% des personnes avec chaque résultat
Percentile par nombre de réponses
Votre historique - résultats
Vous n’avez pas pris ce quiz depuis la dernière actualisation